书目信息 |
| 题名: |
船体火工初级工培训教程
|
|
| 作者: | 魏莉洁 主编 | |
| 分册: | ||
| 出版信息: | 哈尔滨 哈尔滨工程大学出版社 2007.04 |
|
| 页数: | 96页 | |
| 开本: | 26cm | |
| 丛书名: | 船舶工人培训丛书 | |
| 单 册: | ||
| 中图分类: | U671.6 | |
| 科图分类: | ||
| 主题词: | 造船--金属材料--热处理--技术教育--教材 , 造船 , 金属材料 , 热处理 | |
| 电子资源: | ||
| ISBN: | 978-7-81073-954-2 | |
| 000 | 00989oam2 2200289 450 | |
| 001 | 548342 | |
| 005 | 20070907104055.0 | |
| 010 | @a978-7-81073-954-2@dCNY15.00 | |
| 100 | @a20070327d2007 em y0chiy0110 ea | |
| 101 | 0 | @achi |
| 102 | @aCN@b230000 | |
| 105 | @aa z 000yy | |
| 106 | @ar | |
| 200 | 1 | @a船体火工初级工培训教程@9chuan ti huo gong chu ji gong pei xun jiao cheng@f魏莉洁主编 |
| 210 | @a哈尔滨@c哈尔滨工程大学出版社@d2007.04 | |
| 215 | @a96页@c图@d26cm | |
| 225 | 2 | @a船舶工人培训丛书 |
| 330 | @a本书介绍了船体火工基础知识,火工加工工艺方法,几种型钢的弯制成型方法。板材热弯加工工艺中主要介绍了加工中的草图、样板、样箱及一般线型双向曲度板的加工成型工艺等。 | |
| 461 | 0 | @12001 @a船舶工人培训丛书 |
| 606 | 0 | @a造船@x金属材料@x热处理@x技术教育@j教材 |
| 606 | 0 | @a造船 |
| 606 | 0 | @a金属材料 |
| 606 | 0 | @a热处理 |
| 690 | @aU671.6@v4 | |
| 701 | 0 | @a魏莉洁@9wei li jie@c(女,@f1963.3~)@4主编 |
| 801 | 0 | @aCN@bNLC@c20070910 |
| 905 | @f35@dU671.6@e1218@b1507815-49 | |
| 船体火工初级工培训教程/魏莉洁主编.-哈尔滨:哈尔滨工程大学出版社,2007.04 |
| 96页:图;26cm.-(船舶工人培训丛书) |
| ISBN 978-7-81073-954-2:CNY15.00 |
| 本书介绍了船体火工基础知识,火工加工工艺方法,几种型钢的弯制成型方法。板材热弯加工工艺中主要介绍了加工中的草图、样板、样箱及一般线型双向曲度板的加工成型工艺等。 |
| ● |
| 相关链接 |
|
|
|
|
正题名:船体火工初级工培训教程
索取号:U671.6/1218
 
预约/预借
| 序号 | 登录号 | 条形码 | 馆藏地/架位号 | 状态 | 备注 |
| 1 | 1507815 | 215078154 | 不外借—密集书库/ [索取号:U671.6/1218] | 在馆 | |
| 2 | 1507816 | 215078163 | 不外借—密集书库/ [索取号:U671.6/1218] | 在馆 | |
| 3 | 1507817 | 215078172 | 不外借—密集书库/ [索取号:U671.6/1218] | 在馆 | |
| 4 | 1507818 | 215078181 | 不外借—密集书库/ [索取号:U671.6/1218] | 在馆 | |
| 5 | 1507819 | 215078190 | 不外借—密集书库/ [索取号:U671.6/1218] | 在馆 | |
| 6 | 1507820 | 215078207 | 不外借—密集书库/ [索取号:U671.6/1218] | 在馆 | |
| 7 | 1507821 | 215078216 | 不外借—密集书库/ [索取号:U671.6/1218] | 在馆 | |
| 8 | 1507822 | 215078225 | 不外借—密集书库/ [索取号:U671.6/1218] | 在馆 | |
| 9 | 1507823 | 215078234 | 不外借—密集书库/ [索取号:U671.6/1218] | 在馆 | |
| 10 | 1507824 | 215078243 | 不外借—密集书库/ [索取号:U671.6/1218] | 在馆 | |
| 11 | 1507825 | 215078252 | 不外借—密集书库/ [索取号:U671.6/1218] | 在馆 | |
| 12 | 1507826 | 215078261 | 不外借—密集书库/ [索取号:U671.6/1218] | 在馆 | |
| 13 | 1507827 | 215078270 | 不外借—密集书库/ [索取号:U671.6/1218] | 在馆 | |
| 14 | 1507828 | 215078289 | 不外借—密集书库/ [索取号:U671.6/1218] | 在馆 | |
| 15 | 1507829 | 215078298 | 不外借—密集书库/ [索取号:U671.6/1218] | 在馆 | |
| 16 | 1507830 | 215078305 | 不外借—密集书库/ [索取号:U671.6/1218] | 在馆 | |
| 17 | 1507831 | 215078314 | 不外借—密集书库/ [索取号:U671.6/1218] | 在馆 | |
| 18 | 1507832 | 215078323 | 不外借—密集书库/ [索取号:U671.6/1218] | 在馆 | |
| 19 | 1507834 | 215078341 | 第三借阅区/ [索取号:U671.6/1218] | 在馆 | |
| 20 | 1507835 | 215078350 | 第三借阅区/ [索取号:U671.6/1218] | 在馆 | |
| 21 | 1507836 | 215078369 | 第三借阅区/ [索取号:U671.6/1218] | 在馆 | |
| 22 | 1507837 | 215078378 | 第二样本阅览室/ [索取号:U671.6/1218] | 在馆 | |
| 23 | 1507838 | 215078387 | 不外借—密集书库/ [索取号:U671.6/1218] | 在馆 | |
| 24 | 1507839 | 215078396 | 不外借—密集书库/ [索取号:U671.6/1218] | 在馆 | |
| 25 | 1507840 | 215078403 | 不外借—密集书库/ [索取号:U671.6/1218] | 在馆 | |
| 26 | 1507841 | 215078412 | 不外借—密集书库/ [索取号:U671.6/1218] | 在馆 | |
| 27 | 1507842 | 215078421 | 不外借—密集书库/ [索取号:U671.6/1218] | 在馆 | |
| 28 | 1507843 | 215078430 | 不外借—密集书库/ [索取号:U671.6/1218] | 在馆 | |
| 29 | 1507844 | 215078449 | 不外借—密集书库/ [索取号:U671.6/1218] | 在馆 | |
| 30 | 1507845 | 215078458 | 不外借—密集书库/ [索取号:U671.6/1218] | 在馆 | |
| 31 | 1507846 | 215078467 | 不外借—密集书库/ [索取号:U671.6/1218] | 在馆 | |
| 32 | 1507847 | 215078476 | 不外借—密集书库/ [索取号:U671.6/1218] | 在馆 | |
| 33 | 1507848 | 215078485 | 不外借—密集书库/ [索取号:U671.6/1218] | 在馆 | |
| 34 | 1507849 | 215078494 | 不外借—密集书库/ [索取号:U671.6/1218] | 在馆 |